LEADER 01126nam0 2200265 i 450 001 SUN0013677 005 20070716120000.0 010 $a88-8114-434-4 100 $a20030407d1996 |0itac50 ba 101 $aita 102 $aIT 105 $a|||| ||||| 200 1 $aAtti dell'Accademia romanistica Costantiniana$e11. Convegno internazionale in onore di Felix B.J. Wubbe 205 $aNapoli : Edizioni scientifiche italiane$bc1996 210 $d757 p. ; 25 cm 215 $aIn testa al front.: Università degli studi di Perugia, Facoltà di Giurisprudenza. 620 $dNapoli$3SUNL000005 710 02$aAccademia romanistica Costantiniana$3SUNV010010$0240708 712 $aESI$3SUNV000952$4650 801 $aIT$bSOL$c20181109$gRICA 912 $aSUN0013677 950 $aUFFICIO DI BIBLIOTECA DEL DIPARTIMENTO DI GIURISPRUDENZA$d00 CONS XVIII.H.44 $e00 11524 995 $aUFFICIO DI BIBLIOTECA DEL DIPARTIMENTO DI GIURISPRUDENZA$h11524$kCONS XVIII.H.44$op$qa 996 $aAtti dell'Accademia romanistica costantiniana$9243398 997 $aUNICAMPANIA LEADER 00636nam 2200157z- 450 001 9910712732203321 035 $a(CKB)5470000002496853 035 $a(EXLCZ)995470000002496853 100 $a20230509c2002uuuu -u- - 101 0 $aeng 200 10$aNitrogen and phosphorus concentrations and fluxes of streams in the Mississippi Embayment Study Unit, 1996-98 210 $aPearl, Mississippi$cU.S. Department of the Interior, U.S. Geological Survey 906 $aBOOK 912 $a9910712732203321 996 $aNitrogen and phosphorus concentrations and fluxes of streams in the Mississippi Embayment Study Unit, 1996-98$93311790 997 $aUNINA